Aloha / (Record no. 199795)
[ view plain ]
| 000 -LEADER | |
|---|---|
| fixed length control field | 04265cgm a2200805Ii 4500 |
| 001 - CONTROL NUMBER | |
| control field | ocn913835716 |
| 003 - CONTROL NUMBER IDENTIFIER | |
| control field | OCoLC |
| 005 - DATE AND TIME OF LATEST TRANSACTION | |
| control field | 20241220163604.0 |
| 007 - PHYSICAL DESCRIPTION FIXED FIELD--GENERAL INFORMATION | |
| fixed length control field | vd cvaizq |
| 008 - FIXED-LENGTH DATA ELEMENTS--GENERAL INFORMATION | |
| fixed length control field | 150715s2015 cau105 vleng d |
| 040 ## - CATALOGING SOURCE | |
| Original cataloging agency | TEFMT |
| Language of cataloging | eng |
| Description conventions | rda |
| Transcribing agency | TEFMT |
| Modifying agency | TEF |
| -- | PX0 |
| -- | IH7 |
| -- | RB0 |
| -- | UINTA |
| 024 1# - OTHER STANDARD IDENTIFIER | |
| Standard number or code | 043396443433 |
| 028 42 - PUBLISHER NUMBER | |
| Publisher number | 44343 |
| Source | Columbia |
| 035 ## - SYSTEM CONTROL NUMBER | |
| System control number | (OCoLC)913835716 |
| 041 1# - LANGUAGE CODE | |
| Language code of text/sound track or separate title | eng |
| -- | fre |
| -- | spa |
| -- | eng |
| -- | fre |
| Language code of original and/or intermediate translations of text | eng |
| 043 ## - GEOGRAPHIC AREA CODE | |
| Geographic area code | n-us-hi |
| 050 #4 - LIBRARY OF CONGRESS CALL NUMBER | |
| Classification number | PN1997.2 |
| Item number | .A464 2015 |
| 082 04 - DEWEY DECIMAL CLASSIFICATION NUMBER | |
| Classification number | 791.43/72 |
| Edition number | 23 |
| 049 ## - LOCAL HOLDINGS (OCLC) | |
| Holding library | UCLB |
| 245 00 - TITLE STATEMENT | |
| Title | Aloha / |
| Statement of responsibility, etc | Columbia Pictures and Regency Enterprises present ; in association with LStar Capital and Ratpac Entertainment ; a Scott Rudin/Vinyl Films production ; produced by Scott Rudin, Cameron Crowe ; written and directed by Cameron Crowe. |
| 264 #1 - Production, Publication, Distribution, Manufacture, and Copyright Notice. | |
| Place of production, publication, distribution, manufacture | Culver City, CA : |
| Name of producer, publisher, distributor, manufacturer | Sony Pictures Home Entertainment, |
| Date of production, publication, distribution, manufacture, or copyr | [2015] |
| 264 #4 - Production, Publication, Distribution, Manufacture, and Copyright Notice. | |
| Date of production, publication, distribution, manufacture, or copyr | �2015 |
| 300 ## - PHYSICAL DESCRIPTION | |
| Extent | 1 videodisc (approximately 105 minutes) : |
| Other physical details | sound, color ; |
| Dimensions | 4 3/4 in. |
| 336 ## - Content Type | |
| Content type term | two-dimensional moving image |
| 337 ## - Media type | |
| Media type term | video |
| 338 ## - Carrier type | |
| Carrier type term | videodisc |
| 340 ## - PHYSICAL MEDIUM | |
| Dimensions | 4 3/4 in. |
| -- | rda |
| 344 ## - | |
| -- | digital |
| -- | optical |
| -- | surround |
| -- | Dolby Digital 5.1 |
| -- | rda |
| 345 ## - | |
| -- | widescreen (1.85:1) |
| -- | 24 fps |
| -- | rda |
| 346 ## - | |
| -- | NTSC |
| -- | rda |
| 347 ## - | |
| -- | video file |
| -- | DVD video |
| -- | Region 1 |
| -- | rda |
| 380 ## - | |
| -- | Motion picture |
| 538 ## - SYSTEM DETAILS NOTE | |
| System details note | DVD, NTSC region 1, anamorphic widescreen (1.85:1) presentation; Dolby Digital 5.1 surround. |
| 546 ## - LANGUAGE NOTE | |
| Language note | In English or dubbed French; English, French or Spanish subtitles; English subtitles for the deaf and hard-of-hearing (SDH); English descriptive audio track for people with visual disabilities. |
| 511 1# - PARTICIPANT OR PERFORMER NOTE | |
| Participant or performer note | Bradley Cooper, Rachel McAdams, Emma Stone, Bill Murray, Alec Baldwin, John Krasinski, Bill Camp, Danny McBride. |
| 508 ## - CREATION/PRODUCTION CREDITS NOTE | |
| Creation/production credits note | Music, J�onsi & Alex ; costume designer, Deborah L. Scott ; editor, Joe Hutshing ; production designer, Clay Griffith ; director of photography, Eric Gautier. |
| 500 ## - GENERAL NOTE | |
| General note | Originally released as a motion picture in 2015. |
| 500 ## - GENERAL NOTE | |
| General note | Widescreen (1.85:1) |
| 521 8# - TARGET AUDIENCE NOTE | |
| Target audience note | MPAA rating: PG-13; for some language including suggestive comments. |
| 520 ## - SUMMARY, ETC. | |
| Summary, etc | A celebrated military contractor returns to the site of his greatest career triumphs, the US Space program in Honolulu, Hawaii, and reconnects with a long-ago love while unexpectedly falling for the hard-charging Air Force watchdog assigned to him. |
| 500 ## - GENERAL NOTE | |
| General note | Special features: The Untitled Hawaii Project: the making of Aloha feature length documentary; Cast gag reel. |
| 650 #0 - SUBJECT ADDED ENTRY--TOPICAL TERM | |
| Topical term or geographic name as entry element | Private military companies |
| Form subdivision | Drama. |
| 9 (RLIN) | 6533888 |
| 651 #0 - SUBJECT ADDED ENTRY--GEOGRAPHIC NAME | |
| Geographic name | Honolulu (Hawaii) |
| Form subdivision | Drama. |
| 9 (RLIN) | 6533889 |
| 655 #7 - INDEX TERM--GENRE/FORM | |
| Genre/form data or focus term | Fiction films. |
| Source of term | lcgft |
| 655 #7 - INDEX TERM--GENRE/FORM | |
| Genre/form data or focus term | Feature films. |
| Source of term | lcgft |
| 655 #7 - INDEX TERM--GENRE/FORM | |
| Genre/form data or focus term | Video recordings for the hearing impaired. |
| Source of term | lcgft |
| 655 #7 - INDEX TERM--GENRE/FORM | |
| Genre/form data or focus term | Video recordings for people with visual disabilities. |
| Source of term | lcgft |
| 9 (RLIN) | 5676923 |
| 700 1# - ADDED ENTRY--PERSONAL NAME | |
| Personal name | Crowe, Cameron, |
| Dates associated with a name | 1957- |
| Relator term | film director, |
| -- | film producer, |
| -- | screenwriter. |
| 9 (RLIN) | 14655 |
| 700 1# - ADDED ENTRY--PERSONAL NAME | |
| Personal name | Rudin, Scott, |
| Dates associated with a name | 1958- |
| Relator term | film producer. |
| 9 (RLIN) | 23771 |
| 700 1# - ADDED ENTRY--PERSONAL NAME | |
| Personal name | Cooper, Bradley, |
| Relator term | actor. |
| 9 (RLIN) | 70765 |
| 700 1# - ADDED ENTRY--PERSONAL NAME | |
| Personal name | McAdams, Rachel, |
| Dates associated with a name | 1978- |
| Relator term | actor. |
| 9 (RLIN) | 5804198 |
| 700 1# - ADDED ENTRY--PERSONAL NAME | |
| Personal name | Stone, Emma, |
| Dates associated with a name | 1988- |
| Relator term | actor. |
| 9 (RLIN) | 5811910 |
| 700 1# - ADDED ENTRY--PERSONAL NAME | |
| Personal name | Murray, Bill, |
| Dates associated with a name | 1950 September 21- |
| Relator term | actor. |
| 9 (RLIN) | 5750040 |
| 700 1# - ADDED ENTRY--PERSONAL NAME | |
| Personal name | Baldwin, Alec, |
| Dates associated with a name | 1958- |
| Relator term | actor. |
| 9 (RLIN) | 36503 |
| 700 1# - ADDED ENTRY--PERSONAL NAME | |
| Personal name | Krasinski, John, |
| Dates associated with a name | 1979- |
| Relator term | actor. |
| 9 (RLIN) | 72671 |
| 700 1# - ADDED ENTRY--PERSONAL NAME | |
| Personal name | Camp, Bill, |
| Relator term | actor. |
| 9 (RLIN) | 5810800 |
| 700 1# - ADDED ENTRY--PERSONAL NAME | |
| Personal name | McBride, Danny, |
| Dates associated with a name | 1976- |
| Relator term | actor. |
| 9 (RLIN) | 5763581 |
| 700 1# - ADDED ENTRY--PERSONAL NAME | |
| Personal name | Scott, Deborah L. |
| Fuller form of name | (Deborah Lynn), |
| Dates associated with a name | 1954- |
| Relator term | costume designer. |
| 9 (RLIN) | 6533890 |
| 700 1# - ADDED ENTRY--PERSONAL NAME | |
| Personal name | Hutshing, Joe, |
| Relator term | film editor. |
| 9 (RLIN) | 72101 |
| 700 1# - ADDED ENTRY--PERSONAL NAME | |
| Personal name | Griffith, Clay A., |
| Relator term | production designer. |
| 9 (RLIN) | 69363 |
| 700 1# - ADDED ENTRY--PERSONAL NAME | |
| Personal name | Gautier, Eric, |
| Relator term | cinematographer. |
| 9 (RLIN) | 6533891 |
| 710 2# - ADDED ENTRY--CORPORATE NAME | |
| Corporate name or jurisdiction name as entry element | J�onsi & Alex, |
| Relator term | composer (expression) |
| 9 (RLIN) | 6533892 |
| 710 2# - ADDED ENTRY--CORPORATE NAME | |
| Corporate name or jurisdiction name as entry element | Columbia Pictures, |
| Relator term | production company. |
| 9 (RLIN) | 23896 |
| 710 2# - ADDED ENTRY--CORPORATE NAME | |
| Corporate name or jurisdiction name as entry element | Regency Enterprises, |
| Relator term | production company. |
| 9 (RLIN) | 61585 |
| 710 2# - ADDED ENTRY--CORPORATE NAME | |
| Corporate name or jurisdiction name as entry element | LStar Capital (Firm), |
| Relator term | production company. |
| 9 (RLIN) | 5975675 |
| 710 2# - ADDED ENTRY--CORPORATE NAME | |
| Corporate name or jurisdiction name as entry element | RatPac-Dune Entertainment (Firm), |
| Relator term | production company. |
| 9 (RLIN) | 5923531 |
| 710 2# - ADDED ENTRY--CORPORATE NAME | |
| Corporate name or jurisdiction name as entry element | Vinyl Films (Firm), |
| Relator term | production company. |
| 9 (RLIN) | 5871370 |
| 710 2# - ADDED ENTRY--CORPORATE NAME | |
| Corporate name or jurisdiction name as entry element | Sony Pictures Home Entertainment (Firm), |
| Relator term | film distributor. |
| 9 (RLIN) | 71947 |
| 994 ## - | |
| -- | C0 |
| -- | UINTA |
| Withdrawn status | Lost status | Source of classification or shelving scheme | Damaged status | Not for loan | Collection code | Home library | Current library | Shelving location | Date acquired | Source of acquisition | Cost, normal purchase price | Total Checkouts | Total Renewals | Full call number | Barcode | Date last seen | Date checked out | Cost, replacement price | Price effective from | Koha item type |
|---|---|---|---|---|---|---|---|---|---|---|---|---|---|---|---|---|---|---|---|---|
| Dewey Decimal Classification | Movies | Wasatch County Library | Wasatch County Library | Audio Visual Area | 09/14/2015 | Amazon | 15.95 | 79 | 11 | DVD Alo | 34301001440579 | 05/08/2024 | 04/26/2024 | 15.95 | 03/20/2020 | DVD |
